=LDR 00000nam 2200000 4500 =001 INLIS000000000006938 =005 20251118021128 =035 ##$$a 0010-1125000812 =007 ta =008 251118###########################0#ind## =082 ##$$a 614.599 =084 ##$$a 614.599 ZUB e =100 #$$a Zubairi Diperban =245 1#$$a Epidemiologi Aids /$c Badan Koordinasi Keluarga Berencana Nasional =260 ##$:$b Badan Koordinasi Keluarga Berencana Nasional =300 ##$$a 11 Hal : $b Ilus ; $c 21 =650 #4$$a Keluarga Berencana =856 ##$$a Perpustakaan Kemendukbangga